000 00865cam a2200337 4500
001
008 000000n1999 000 0 eng u
020 _a1860812899
035 _a(Sirsi) u111063
050 _a693.82
100 _aMorgan, H.P.
110 _aBuilding Research Establishment
245 _aDesign methodologies for smoke and heat exhaust ventilation.
260 _aLondon
_cCRC Ltd.
_c1999
300 _axiv,132p. : ill. ; 30cm.
350 _a75.00
490 _aBR
_v368
650 _aSHEVS
650 _aSMOKE CONTROL
650 _aVENTILATION SYSTEMS
650 _aATRIA
650 _aFIRE
690 _aBUILT ENVIRONMENT
700 _aGhosh, B.K.
700 _aGarrad, G.
700 _aPamlitschka, R.
700 _aDe Smedt, J-C
700 _aSchoonbaert, L.R.
710 _aFire Research Station
_94059
942 _n0
999 _c101191
_d101191